| 000 | 00557nam a22001457a 4500 | ||
|---|---|---|---|
| 008 | 131203b xxu||||| |||| 00| 0 eng d | ||
| 050 | _aB3279.H94B876 2009 | ||
| 100 |
_aBrossala Diddy, Kondjo _94849 |
||
| 245 |
_aThe missing profiles and copresencing _bfinding a horizon of mutuality and intersubjectivity for a democratic political society in Husserl's phenomenology _cKondjo Diddy Brossala |
||
| 260 |
_aProQuest _bAnn Arbor _c2009 |
||
| 300 |
_aiv, 324p. ; _c23cm. |
||
| 500 | _aThesis | ||
| 600 |
_aHusserl, Edmund _94850 |
||
| 942 |
_2lcc _cMONOGRAPH _01 |
||
| 999 |
_c118993 _d118993 |
||